000 01122nam a2200301 a 4500
001 000112782
003 CHAP
005 20220329144321.0
008 161115s2016 mx a ||| ||||||spa d
010 _a109243
011 _a110215
040 _cCHAP
090 _aCD-464
245 0 0 _aProceso de distritación electoral local y federal 2016-2017 :
_h[Disco compacto]
_bmaterial para la consulta a pueblos y comunidades indígenas en matería de distritación electoral /
_cpor Instituto Nacional Electoral (México).
260 _aMéxico, D.F. :
_bINE.,
_c2016.
300 _a1 CD ROM ;
_c4 3/4 plg.
590 _aBATCH-UPD
_b05
_c20161115
_lUCH01
_h1130
590 _aE11695DGD
_b10
_c20170213
_lUCH01
_h0945
590 _aE11695DGD
_b10
_c20170213
_lUCH01
_h0945
590 _aE11695DGD
_b10
_c20170512
_lUCH01
_h0943
590 _aE5765TAJ
_b05
_c20161115
_lUCH01
_h1129
650 1 4 _aDistritos electorales
_xPueblos indígenas
_zMéxico.
_9131266
650 1 4 _aIndios de México
_xActividad política.
_9131267
710 1 _aInstituto Nacional Electoral (México)
_9131269
901 _aBK
942 _cCD
942 _n0
999 _c109243
_d109243